NAHB predicts market rebound (Record no. 69049)
[ view plain ]
| 000 -LEADER | |
|---|---|
| fixed length control field | 00852cam a2200205 4500 |
| 001 - CONTROL NUMBER | |
| control field | WB3746-16 |
| 008 - FIXED-LENGTH DATA ELEMENTS--GENERAL INFORMATION | |
| fixed length control field | 011206n2001 000 0 eng u |
| 035 ## - SYSTEM CONTROL NUMBER | |
| System control number | (Sirsi) u115907 |
| 245 ## - TITLE STATEMENT | |
| Title | NAHB predicts market rebound |
| 260 ## - PUBLICATION, DISTRIBUTION, ETC. | |
| Date of publication, distribution, etc. | 2001 |
| 490 ## - SERIES STATEMENT | |
| Series statement | Engineering News Record |
| Volume/sequential designation | 247(22) 26 November 2001, 11(1) |
| 520 ## - SUMMARY, ETC. | |
| Summary, etc. | In the USA the National Association of Home Builders expects the housing market to recover next year after a downturn for the rest of this year. At the NAHB semiannual Residential Construction Forecast Conference housing starts were forecast to fall 10% in 4Q 2001 but increase strongly after that. |
| 590 ## - LOCAL NOTE (RLIN) | |
| Local note | WB |
| 650 ## - SUBJECT ADDED ENTRY--TOPICAL TERM | |
| Topical term or geographic name entry element | HOUSE SALES |
| 650 ## - SUBJECT ADDED ENTRY--TOPICAL TERM | |
| Topical term or geographic name entry element | HOUSING STARTS |
| 650 ## - SUBJECT ADDED ENTRY--TOPICAL TERM | |
| Topical term or geographic name entry element | UNITED STATES |
| 650 ## - SUBJECT ADDED ENTRY--TOPICAL TERM | |
| Topical term or geographic name entry element | ECONOMIC CONDITIONS |
| 690 ## - LOCAL SUBJECT ADDED ENTRY--TOPICAL TERM (OCLC, RLIN) | |
| Topical term or geographic name as entry element | PROPERTY-RESIDENTIAL PROPERTY-RESIDENTIAL PROPERTY MARKET |
| 942 ## - ADDED ENTRY ELEMENTS (KOHA) | |
| Suppress in OPAC | 0 |
| Withdrawn status | Lost status | Source of classification or shelving scheme | Damaged status | Not for loan | Home library | Current library | Shelving location | Date acquired | Total Checkouts | Full call number | Barcode | Date last seen | Copy number | Price effective from | Koha item type |
|---|---|---|---|---|---|---|---|---|---|---|---|---|---|---|---|
| Dewey Decimal Classification | London | London | News article | 06/12/2001 | WB3746-16 | 115907-1001 | 06/08/2019 | 1 | 06/08/2019 | News article |